Analyzing the Differentiation Strategies Of Big Companies Competing With Each Other
Zhodnotenie konkurenčných stratégií dvoch potravinárskych spoločností z Pakistanu. Realizácia výskumu pomocou dotazníka medzi 100 konzumentmi. Porovnávanie ceny, kvality a pridanej hodnoty produktov.
Uložené v:
| Hlavný autor: | |
|---|---|
| Ďalší autori: | , , |
| Médium: | Kapitola |
| Jazyk: | English |
| Predmet: | |
| Tagy: |
Žiadne tagy, Buďte prvý, kto otaguje tento záznam!
|
MARC
| LEADER | 00000naa a2200000 4500 | ||
|---|---|---|---|
| 001 | 0254346 | ||
| 005 | 20221104112419.7 | ||
| 041 | 0 | |a eng | |
| 044 | |a RS | ||
| 245 | 1 | 0 | |a Analyzing the Differentiation Strategies Of Big Companies Competing With Each Other |c Ze Ye, Hassan Abbas, Talib Hussain, Yiao He |
| 520 | |a Zhodnotenie konkurenčných stratégií dvoch potravinárskych spoločností z Pakistanu. Realizácia výskumu pomocou dotazníka medzi 100 konzumentmi. Porovnávanie ceny, kvality a pridanej hodnoty produktov. | ||
| 610 | 2 | 0 | |a Pakistan |
| 610 | 2 | 0 | |a potravinárstvo |
| 610 | 2 | 0 | |a stratégia obchodná |
| 610 | 2 | 0 | |a konkurencia |
| 610 | 2 | 0 | |a spoločnosti nadnárodné |
| 610 | 2 | 0 | |a analýza dát |
| 610 | 2 | 0 | |a zákazníci |
| 100 | 1 | |a Ye, Ze | |
| 700 | 1 | |a Abbas, Hassan | |
| 700 | 1 | |a Hussain, Talib | |
| 700 | 1 | |a He, Yiao | |